00266nam a2200121Ia 4500008004100000020001800041041000800059082001100067100001800078245001500096260002500111300000800136230822s1999 xx 000 0 und d a0-9601678-9-7 aeng a720.92 aHARPNESS S.P. aSUNDANCING bMIR PUBLISHERSc1999 a208